| 000 | 00953nam a2200217 a 4500 | ||
|---|---|---|---|
| 001 | 000016952 | ||
| 005 | 20200929165007.0 | ||
| 008 | 100312s1986 dr a 000 0 spa d | ||
| 040 |
_aDO-SdBNP _bspa _cBNPHU |
||
| 082 |
_a333.7962 _bR311a |
||
| 245 | 0 | 0 |
_aRecomendaciones para el ahorro de energía en edificaciones : _bnormas de diseño bioclimático para edificios y viviendas en la ciudad de Santo Domingo, República Dominicana. / _ccompiladores Enriquillo Ureña y Juan Canto. |
| 260 |
_aSanto Domingo : _bCOENER, _c1986. |
||
| 300 |
_a123 P. : _bil. ; _c27 cm. |
||
| 504 | _aBibliografía: p. 122-123 | ||
| 590 | _aInventariado, 2019/MFF | ||
| 650 | 4 |
_aEdifícios _xConservación energía _zRepública Dominicana _937478 |
|
| 700 | 1 |
_aUreña, Enriquillo, _ecomp. _937479 |
|
| 700 | 1 |
_aCanto, Juan B., _ecomp. _937480 |
|
| 710 | 2 |
_aComisión Nacional de Política Energética (República Dominicana) _99639 |
|
| 910 | _aValidado. Control de calidad MFF | ||
| 999 |
_c16484 _d16484 |
||